000
00278nam a22001217a 4500
008
170616b xxu||||| |||| 00| 0 eng d
041
_a
eng
080
_a
328
100
_a
20
101
_a
SHP
245
_a
FINANCING STATE AND LOCAL GOVERNMENT
_c
WILDASIN,D.E
942
_2
udc
_c
BK
999
_c
17714
_d
17714